Plasma physics in theory and application (Record no. 3795)
[ view plain ]
| 000 -LEADER | |
|---|---|
| fixed length control field | 00482nam a2200169Ia 4500 |
| 003 - CONTROL NUMBER IDENTIFIER | |
| control field | IN-BaIIA |
| 008 - FIXED-LENGTH DATA ELEMENTS--GENERAL INFORMATION | |
| fixed length control field | 211028s9999 xx 000 0 eng d |
| 040 ## - CATALOGING SOURCE | |
| Transcribing agency | IIA Library |
| 080 ## - UNIVERSAL DECIMAL CLASSIFICATION NUMBER | |
| Universal Decimal Classification number | 533 |
| Item number | PLA |
| 245 #0 - TITLE STATEMENT | |
| Title | Plasma physics in theory and application |
| Statement of responsibility, etc. | edited by Wulf B. Kunkel |
| 260 ## - PUBLICATION, DISTRIBUTION, ETC. | |
| Place of publication, distribution, etc. | New York |
| Name of publisher, distributor, etc. | McGraw-Hill |
| Date of publication, distribution, etc. | 1966 |
| 300 ## - PHYSICAL DESCRIPTION | |
| Extent | xvii, 494p. |
| 650 ## - SUBJECT ADDED ENTRY--TOPICAL TERM | |
| Topical term or geographic name entry element | Plasma physics |
| 9 (RLIN) | 3732 |
| 650 ## - SUBJECT ADDED ENTRY--TOPICAL TERM | |
| Topical term or geographic name entry element | Plasmas (Ionized gases) |
| 9 (RLIN) | 6737 |
| 700 ## - ADDED ENTRY--PERSONAL NAME | |
| Personal name | Kunkel, Wulf B., ed. |
| 9 (RLIN) | 6738 |
| 942 ## - ADDED ENTRY ELEMENTS (KOHA) | |
| Koha item type | Books |
| Withdrawn status | Lost status | Damaged status | Not for loan | Home library | Current library | Shelving location | Date acquired | Cost, normal purchase price | Total Checkouts | Full call number | Barcode | Date last seen | Cost, replacement price | Price effective from | Koha item type | Purchase Price |
|---|---|---|---|---|---|---|---|---|---|---|---|---|---|---|---|---|
| IIA Library-Bangalore | IIA Library-Bangalore | General Stacks | 24/07/1971 | 104.62 | 533/ PLA | 4237 | 05/11/2021 | 104.62 | 24/07/1971 | Books | Rs. 104.62 |